000 01213cam a22001934a 4500
005 20250605164227.0
008 250528s ||||||||||||||||||||||||d
035 _a20910
020 _a9780335233540
040 _aGR-AtMCL
_bgre
_dGR-AtMCL
_eAACR2
245 1 _aA Beginning Teacher's Guide to Special Education Needs
260 _bMcgraw Hill,
_c2009
300 _a236
520 _aThis book provides an excellent intoduction and practice in Special Educational Needs. Preface, Special Educational Needs: Policy and Context, Making Sense of Learning and Difficulties in Learning, A Historical Perspective and the Current Legal Position, Approaches to Assessment and Planning and Teaching and Learning, Overview of Approaches to Four Areas of Need, Assessment and Planning, Addressing the Needs of Learners who Experience Literacy Difficulties, Understanding and Addressing Special Difficulties in Mathematics, Behavioural Issues in Classrooms, Support for Special Learning Needs, Uses of ICT to Support Students' Special Learning Needs, Professional Relationships with Other People, Final Word, References, Index.
700 1 _aWearmouth Janice
_96725
942 _cBK
999 _c5987
_d5987